Bill Gates / (Registro nro. 37704)

Detalles MARC
000 -CABECERA
Longitud fija campo de control 00842nam a2200253 a 4500
003 - • IDENTIFICADOR DELl NÚMERO DE CONTROL
Identificador del número de control CO-ViMGA
005 - • FECHA Y HORA DE LA ÚLTIMA TRANSACCIÓN
Fecha y hora de la última transacción 20230915234402.0
008 - • CÓDIGOS DE INFORMACIÓN DE LONGITUD FIJA
Códigos de información de longitud fija 080729s2008 ck a jr 00010bspa d
020 ## - • NÚMERO INTERNACIONAL NORMALIZADO PARA LIBROS
Número Internacional Normalizado para Libros (ISBN) 9789583030673
040 ## - FUENTE DE LA CATALOGACIÓN
Centro catalogador de origen CO-ViMGA
Lengua de catalogación spa
Centro transcriptor CO-ViMGA
110 2# - • PUNTO DE ACCESO PRINCIPAL-NOMBRE DE ENTIDAD CORPORATIVA
Nombre de entidad corporativa o nombre de jurisdicción como elemento inicial Macaw Books.
245 10 - • TITULO PROPIAMENTE DICHO
Título Bill Gates /
Mención de responsabilidad, etc. Macaw Books.
250 ## - • MENCIÓN DE EDICIÓN
Mención de edición Editora Diana López de Mesa.
300 ## - • DESCRIPCIÓN FÍSICA
Extensión 24 p. :
Otras características físicas il. ;
Dimensiones 20 cm.
500 ## - • NOTA GENERAL
Nota general Glosario : p. 24.
534 ## - • Nota De Versión Original
-- Título original :
Título A day with Bill Gates.
600 14 - • PUNTO DE ACCESO ADICIONAL DE MATERIA - NOMBRE DE PERSONA
Nombre de persona Gates, Bill,
Fechas asociadas al nombre 1955-
Subdivisión de materia general (R ) Literatura infantil.
650 14 - • PUNTO DE ACCESO ADICIONAL DE MATERIA - TÉRMINO DE MATERIA
Término de materia o nombre geográfico como elemento inicial Ingenieros de sistemas
Subdivisión de forma Biografías
Subdivisión de materia general Literatura infantil.
650 14 - • PUNTO DE ACCESO ADICIONAL DE MATERIA - TÉRMINO DE MATERIA
Término de materia o nombre geográfico como elemento inicial Libros ilustrados para niños.
700 1# - • PUNTO DE ACCESO ADICIONAL - NOMBRE DE PERSONA
Nombre de persona López de Mesa O., Diana,
Término indicativo de función ed.
942 ## - ENTRADA DE ELEMENTOS AGREGADOS (KOHA)
Fuente de clasificaión o esquema Dewey Decimal Classification
Existencias
Perdido Fuente de clasificación o esquema Estado Físico No para préstamo Forma de adquisición Localización permanente Localización actual Fecha adquisición Préstamos totales Signatura completa Código de barras Fecha última consulta Número de copia Fecha del precio de reemplazo Tipo de item de Koha Localización en estanterías Fuente de adquisición Calificador de ubicación codificada
  Dewey Decimal Classification     Sala Infantil Segundo Piso Biblioteca Pública Germán Arciniegas - Villavicencio Biblioteca Pública Germán Arciniegas - Villavicencio 10/27/2016   BOOb 31408 10/27/2016 Ej.1 10/27/2016 LIbro      
  Dewey Decimal Classification     Colección General Biblioteca Pública Rural El Yarí- vereda Playa Rica La Macarena Biblioteca Pública Rural El Yarí- vereda Playa Rica La Macarena 07/23/2025     9789583030673 07/29/2025 Ej.1 07/29/2025 LIbro Literatura ministerio de cultura 9789583030673









Instituto Departamental de Cultura del Meta - Red Departamental de Bibliotecas Públicas del Meta.